Le 11 type de la ligue des champions 2023-2024 - Statistiques

Statistiques générales
  • Ce quiz a été pris 512 fois
  • Le résultat moyen est 9 sur 11
Statistiques - réponses
Poste Club Joueur % Correct
DD Real Madrid Carvajal
95%
AG Real Madrid Vinicius Jr
95%
BU Bayern Munich Harry Kane
93%
DC Real Madrid Antonio Rudiger
92%
MC Paris Saint Germain Vitinha
90%
MOC Real Madrid Jude Bellingham
89%
AD Manchester City Phil Foden
87%
DC Borussia Dortmund Mats Hummels
82%
G Borussia Dortmund Gregor Kobel
81%
MC Borussia Dortmund Marcel Sabitzer
43%
DG Borussia Dortmund Ian Maatsen
42%
Aucun quiz correspondant
Distribution des résultats
% des personnes avec chaque résultat
Percentile par nombre de réponses
Votre historique - résultats
Vous n’avez pas pris ce quiz